Central Library OPAC University of Rajshahi

The political market for protection in industrial countries : (Record no. 35691)

MARC details
000 -LEADER
fixed length control field 01088cam a2200313 a 4500
001 - CONTROL NUMBER
control field 35691
003 - CONTROL NUMBER IDENTIFIER
rucl marc code BD-RjUL
005 - DATE AND TIME OF LATEST TRANSACTION
control field 20211209052349.0
008 - FIXED-LENGTH DATA ELEMENTS--GENERAL INFORMATION
fixed length control field 820209s1981 dcu b i000 0 eng
035 ## - SYSTEM CONTROL NUMBER
System control number (BD-RjUL)35786
040 ## - CATALOGING SOURCE
Original cataloging agency DLC
Transcribing agency DLC
Modifying agency DLC
-- BD-RjUL
Language of cataloging eng
041 ## - LANGUAGE CODE
Language code of text/sound track or separate title eng
082 00 - DEWEY DECIMAL CLASSIFICATION NUMBER
Classification number DOC 382.73091722
Edition number 19
Author mark and year ANP 1981
100 1# - MAIN ENTRY--PERSONAL NAME
Personal name Anderson, Kym.
9 (RLIN) 108676
245 14 - TITLE STATEMENT
Title The political market for protection in industrial countries :
Remainder of title empirical evidence /
Statement of responsibility, etc. prepared by Kym Anderson and Robert E. Baldwin.
260 ## - PUBLICATION, DISTRIBUTION, ETC. (IMPRINT)
Place of publication, distribution, etc. Washington, D.C. (1818 H St. N.W., Washington 20433) :
Name of publisher, distributor, etc. World Bank,
Date of publication, distribution, etc. c1981.
300 ## - PHYSICAL DESCRIPTION
Pagination 28 p. :
Size 28 cm.
Illustrations Ill, ;
500 ## - GENERAL NOTE
General note Cover title.
General note "October 1981."
504 ## - BIBLIOGRAPHY, ETC. NOTE
Bibliography, etc Bibliography: p. 24-27.
650 #0 - SUBJECT ADDED ENTRY--TOPICAL TERM
Topical term or geographic name as entry element Protectionism.
9 (RLIN) 9090
Topical term or geographic name as entry element Commercial policy.
9 (RLIN) 6899
700 1# - ADDED ENTRY--PERSONAL NAME
Personal name Baldwin, Robert E. , Jt. auth.
830 ## - SERIES ADDED ENTRY--UNIFORM TITLE
Uniform title World Bank staff working paper ; no. 492
942 ## - ADDED ENTRY ELEMENTS (KOHA)
Source of classification or shelving scheme Dewey Decimal Classification
Koha item type Documents
Holdings
Lost status Source of classification or shelving scheme Damaged status Not for loan Collection code Permanent Location Current Location Shelving location Date acquired Source of acquisition Cost, normal purchase price Total Checkouts Full call number Date last seen Copy number Koha item type
  Dewey Decimal Classification   Not For Loan Non-fiction Central Library, University of Rajshahi Central Library, University of Rajshahi Documentation Section 25/08/1987 World Bank 0.00   DOC 382.73091722 ANP 1981 29/05/2014 C-1 Documents